الإنترنت : (رقم التسجيلة. 35815)

تفاصيل مارك
000 -الفاتح
حقل البيانات ثابتة الطول 00742nam a22001817a 4500
003 - محدد رقم الضبط
رقم الضبط OSt
005 - وقت وتاريخ اخر تعامل مع التسجيلة
رقم الضبط 20150408114225.0
008 - عناصر البيانات ثابتة الطول - معلومات عامة
حقل البيانات ثابتة الطول 140916s2013 su ||||g |b|| 00| 0 ara d
040 ## - مصدر الفهرسة
وكالة الفهرسة الأصلية ma-un
082 ## - رقم تصنيف ديوى العشرى
رقم الطبعة 21
رقم التصنيف 020.285
رقم المادة م خ إ
100 ## - المدخل الرئيسى - إسم شخصى
الإسم الشخصى محمد، خالد عبد الفتاح.
245 ## - بيان العنوان
العنوان الإنترنت :
بقية العنوان المكونات والتكنولوجيات والتطبيقات في المكتبات ومؤسسات المعلومات /
بيان المسئوليه,etc خالد عبد الفتاح محمد.
260 ## - PUBLICATION, DISTRIBUTION, ETC. (IMPRINT)
مكان الناشر او الموزع الدمام، السعودية :
اسم الناشر او الموزع مكتبة المتنبي،
تاريخ النشر أو التوزيع 2013
300 ## - الوصف المادى
التعداد 326 ص. :
تفاصيل ماديه اخرى للوعاء إيض. ؛
أبعاد الوعاء 24 سم.
650 ## - المدخل الاضافى بالموضوع-مصطلح موضوعى
مصطلح موضوعي أو اسم جغرافي كعنصر مدخل المكتبات
التقسيم الفرعي العام نظم المعلومات
650 ## - المدخل الاضافى بالموضوع-مصطلح موضوعى
مصطلح موضوعي أو اسم جغرافي كعنصر مدخل تكنولجيا المعلومات
942 ## - عناصر المدخل الإضافي( كوها)
مصدر التصنيف او مخطط الترفيف Dewey Decimal Classification
Koha [default] item type كتاب
المقتنيات
حالة الفقد نموذج السعر الفعال حالة تلف ليس للاعارة رقم الطلب تاريخ الاكتساب الموقع الحالي الباركود الفرع الرئيسي Date last seen نوع المادة فى نظام كوها مصدر التصنيف او خطة الترفيف Total Checkouts
  2014-09-16     020.285 م خ إ 2014-09-16 المكتبة المركزية بالمجمعة (CL) 00131710 المكتبة المركزية بالمجمعة (CL) 2014-09-16 كتاب Dewey Decimal Classification  
  2014-09-16     020.285 م خ إ 2014-09-16 المكتبة المركزية بالمجمعة (CL) 00131711 المكتبة المركزية بالمجمعة (CL) 2014-09-16 كتاب Dewey Decimal Classification  
  2014-09-16     020.285 م خ إ 2014-09-16 المكتبة المركزية بالمجمعة (CL) 00131712 المكتبة المركزية بالمجمعة (CL) 2014-09-16 كتاب Dewey Decimal Classification  
  2014-09-16     020.285 م خ إ 2014-09-16 مكتبة مجمع الكليات بالزلفى - طلاب (SZM) 00131909 مكتبة مجمع الكليات بالزلفى - طلاب (SZM) 2014-09-16 كتاب Dewey Decimal Classification  
  2014-09-16     020.285 م خ إ 2014-09-16 مكتبة مجمع الكليات بالزلفى - طلاب (SZM) 00131910 مكتبة مجمع الكليات بالزلفى - طلاب (SZM) 2014-09-16 كتاب Dewey Decimal Classification